Central Library OPAC University of Rajshahi

Capital, saving and credit in present societies : (Record no. 45923)

MARC details
000 -LEADER
fixed length control field 00742nam a2200229 a 4500
001 - CONTROL NUMBER
control field 45923
003 - CONTROL NUMBER IDENTIFIER
rucl marc code BD-RjUL
005 - DATE AND TIME OF LATEST TRANSACTION
control field 20211209054102.0
008 - FIXED-LENGTH DATA ELEMENTS--GENERAL INFORMATION
fixed length control field 160728s1964 EN a|||| |b|| 001 0 eng d
035 ## - SYSTEM CONTROL NUMBER
System control number (BD-RjUL)46041
040 ## - CATALOGING SOURCE
Original cataloging agency BD-RjUL
Language of cataloging eng
Transcribing agency BD-RjUL
041 ## - LANGUAGE CODE
Language code of text/sound track or separate title eng
082 ## - DEWEY DECIMAL CLASSIFICATION NUMBER
Edition number 23
Classification number 301.452
Author mark and year FIC 1964
100 1# - MAIN ENTRY--PERSONAL NAME
Personal name Yame, B S
9 (RLIN) 140438
245 10 - TITLE STATEMENT
Title Capital, saving and credit in present societies :
Remainder of title studies from Asia, Oceania the caribben and middle America /
Statement of responsibility, etc. B S Yamey; Raymond Firth
260 ## - PUBLICATION, DISTRIBUTION, ETC. (IMPRINT)
Place of publication, distribution, etc. London :
Name of publisher, distributor, etc. Allied & Unwir,
Date of publication, distribution, etc. 1969.
300 ## - PHYSICAL DESCRIPTION
Pagination 399 p. :
Illustrations ill. ;
Size 23 cm.
650 ## - SUBJECT ADDED ENTRY--TOPICAL TERM
Source of heading or term .
Topical term or geographic name as entry element Sociology,
General subdivision Rural
9 (RLIN) 140439
Topical term or geographic name as entry element Anthropology.
9 (RLIN) 140440
700 ## - ADDED ENTRY--PERSONAL NAME
Personal name Firth, Raymond
942 ## - ADDED ENTRY ELEMENTS (KOHA)
Source of classification or shelving scheme Dewey Decimal Classification
Koha item type Books
Holdings
Lost status Source of classification or shelving scheme Damaged status Not for loan Collection code Permanent Location Current Location Shelving location Date acquired Source of acquisition Cost, normal purchase price Total Checkouts Full call number Date last seen Copy number Koha item type
  Dewey Decimal Classification     Non-fiction Central Library, University of Rajshahi Central Library, University of Rajshahi   23/06/1965 Euro Book Agency 33.75   301.452 FIC 1964 28/07/2016 C-2 Books
  Dewey Decimal Classification     Non-fiction Central Library, University of Rajshahi Central Library, University of Rajshahi   23/06/1965 Euro Book Agency 33.75   301.452 FIC 1964 28/07/2016 C-3 Books